Najwięksi partnerzy handlowi Chin - Statystyki

Ogólne statystyki
  • Ten quiz został rozwiązany 13 763 razy
  • Średni wynik to 14 z 20
Statystyki odpowiedzi
Eksporty (kwota
w mld dolarów)
Importy (kwota
w mld dolarów)
Państwo % Poprawnych
48.0 58.9 Rosja
98%
480 156 Stany Zjednoczone
98%
77.9 106 Niemcy
94%
147 180 Japonia
93%
32.3 Francja
92%
76.9 Indie
91%
77.1 Brazylia
85%
109 205 Korea Południowa
84%
57.0 Wielka Brytania
82%
47.5 105 Australia
79%
44.1 Meksyk
76%
43.2 34.1 Indonezja
73%
84.0 64.1 Wietnam
66%
43.0 44.9 Tajlandia
62%
45.9 Arabia Saudyjska
60%
48.7 177 Tajwan
57%
45.8 63.3 Malezja
49%
49.8 33.6 Singapur
39%
73.1 Holandia
34%
38.7 Szwajcaria
23%
Nie znaleziono quizów pasujących do podanych kryteriów
Rozkład punktacji
Procent ludzi z każdym wynikiem
Percentyl według liczby udzielonych odpowiedzi
Twoja historia wyników
Nie rozwiązałeś tego quizu